000 00876nam a22002297a 4500
003 UA-OsUOA
001 54488
007 ta
008 20180312b un ||||| |||| 00| 0 ukr d
090 _a081
_bУ45
942 _cBK
040 _aUA-OsUOA
_bukr
_cUA-OsUOA
_dUA-OsUOA
245 _aУкраїнська діаспора: проблеми дослідження: тези доповідей Міжнародної наукової конференції, 27-28 вересня 2016 р., м. Острог
300 _a378 с.
955 _a1
041 _aukr
080 _a081
260 _aОстрог
_bВидавництво Національного університету "Острозька академія"
_c2016
650 7 _2UDC
999 _c434605
_d434605